Ч. 2; Структура дислокаций и механические свойства металлов и сплавов. Структура, дефекты и свойства ультрадисперсных, квазикристаллических и аморфных материалов

Détails bibliographiques
Parent link:Структура дислокаций и механические свойства металлов и сплавов. Структура, дефекты и свойства ультрадисперсных, квазикристаллических и аморфных материалов: [в 2 ч.]/ Академия наук СССР (АН СССР), Объединенный научный совет по комплексной проблеме "Физика твердого тела" ; СССР, Государственный комитет по науке и технике, Научный совет по проблеме "Строение стекла и природа стеклообразного состояния" ; Академия наук СССР (АН СССР), Уральский научный центр (УНЦ), Институт физики металлов (ИФМ). Ч. 2.— , 1990
Langue:russe
Publié: 1990
Sujets:
Format: Livre
KOHA link:https://koha.lib.tpu.ru/cgi-bin/koha/opac-detail.pl?biblionumber=244795

MARC

LEADER 00000nam2a2200000 4500
001 244795
005 20231101232059.0
035 |a (RuTPU)RU\TPU\book\266189 
035 |a RU\TPU\book\262935 
035 |a RU\TPU\book\262936 
090 |a 244795 
100 |a 20130809d1990 k y0rusy50 ca 
101 0 |a rus 
102 |a RU 
105 |a y z 001zy 
200 0 |a Ч. 2 
210 |d 1990 
215 |a 107-203 с. 
320 |a Библиогр. в конце докл. 
461 1 |0 (RuTPU)RU\TPU\book\262935  |t Структура дислокаций и механические свойства металлов и сплавов. Структура, дефекты и свойства ультрадисперсных, квазикристаллических и аморфных материалов  |o [в 2 ч.]  |o тезисы докладов V всесоюзного семинара, Свердловск, 16-19 марта, 1990 г.  |f Академия наук СССР (АН СССР), Объединенный научный совет по комплексной проблеме "Физика твердого тела" ; СССР, Государственный комитет по науке и технике, Научный совет по проблеме "Строение стекла и природа стеклообразного состояния" ; Академия наук СССР (АН СССР), Уральский научный центр (УНЦ), Институт физики металлов (ИФМ)  |v Ч. 2  |d 1990 
606 1 |a Сплавы  |x Физические свойства  |x Физико-механические свойства при высоких температурах  |2 stltpush  |3 (RuTPU)RU\TPU\subj\55922  |9 73875 
606 1 |a Сплавы  |x Физико-механические свойства при низких температурах  |2 stltpush  |3 (RuTPU)RU\TPU\subj\55942  |9 73894 
610 1 |a структура 
610 1 |a дефекты 
610 1 |a пластическая деформация 
675 |a 669.018:53(063)  |v 3 
801 1 |a RU  |b 63413507  |c 20130809 
801 2 |a RU  |b 63413507  |c 20131029  |g RCR 
942 |c BK